Wenye Meno (Record no. 4066)

000 -LEADER
fixed length control field 00379nam a22001457a 4500
008 - FIXED-LENGTH DATA ELEMENTS--GENERAL INFORMATION
fixed length control field 190214b xxu||||| |||| 00| 0 eng d
020 ## - INTERNATIONAL STANDARD BOOK NUMBER
International Standard Book Number 9789966570307
050 ## - LIBRARY OF CONGRESS CALL NUMBER
Classification number PL 8704. U35
100 ## - MAIN ENTRY--PERSONAL NAME
9 (RLIN) Mohamed
Personal name Said A.
Dates associated with a name 2018
245 ## - TITLE STATEMENT
Title Wenye Meno
Statement of responsibility, etc Said A. Mohamed
260 ## - PUBLICATION, DISTRIBUTION, ETC. (IMPRINT)
Place of publication, distribution, etc Kenya
Name of publisher, distributor, etc Spotlight Publishers
Date of publication, distribution, etc 2018
300 ## - PHYSICAL DESCRIPTION
Extent iv,219p
Dimensions 12cm
650 ## - SUBJECT ADDED ENTRY--TOPICAL TERM
Topical term or geographic name as entry element Literature
942 ## - ADDED ENTRY ELEMENTS (KOHA)
Source of classification or shelving scheme
Item type Book
Holdings
Withdrawn status Lost status Source of classification or shelving scheme Damaged status Not for loan Home library Current library Shelving location Date acquired Total Checkouts Full call number Barcode Date last seen Date last borrowed Copy number Price effective from Koha item type
          Riara University Library Riara University Library General stack 14/02/2019 3 PL 8704. U35 2018 10110/18 15/03/2021 10/03/2021 C.1 14/02/2019 Book

Riara University Library,
P.O. Box 49940-00100,
Nairobi, Kenya.